Surviving Mitch /

Đã lưu trong:
Chi tiết về thư mục
Tác giả chính: Maldonado, Victoria
Định dạng: Texto
Những chủ đề:
Các nhãn: Thêm thẻ
Không có thẻ, Là người đầu tiên thẻ bản ghi này!

MARC

LEADER 00000 a a2200000 04500
001 9932
003
040
100 |a Maldonado, Victoria  
245 |a Surviving Mitch /  |c Victoria Maldonado 
650 |a VICTIMAS  
650 |a DESASTRES NATURALES  
650 |a ESTADO DE EMERGENCIA  
650 |a PERSONAS DESPLAZADAS  
773 |g volumen 33, número 2; páginas 11-15  
999 |c 27995  |d 27995